Non-traditional family forms in the 1970's /

Bibliographic Details
Main Author: Sussman, Marvin B.
Corporate Author: National Council on Family Relations
Format: Book
Language:English
Published: Minneapolis, Minn. : National Council on Family Relations, [1972?]
Subjects:

MARC

Tag First Indicator Second Indicator Subfields
LEADER 00000cam a2200000 a 4500
001 in00000384021
005 20151011094659.0
008 731010s1972 mnua 00010 eng d
035 |a (OCoLC)00715593 
035 |9 ABR1095AM 
040 |c WEL  |d m.c.  |d TXA  |d UtOrBLW 
043 |a n-us--- 
049 |a TXAM  |c [1657613] 
090 |a HQ728  |b .S865 1972 
100 1 |a Sussman, Marvin B. 
245 1 0 |a Non-traditional family forms in the 1970's /  |c Marvin B. Sussman, editor. 
264 1 |a Minneapolis, Minn. :  |b National Council on Family Relations,  |c [1972?] 
300 |a 148 pages :  |b illustrations ;  |c 26 cm. 
336 |a text  |b txt  |2 rdacontent 
337 |a unmediated  |b n  |2 rdamedia 
338 |a volume  |b nc  |2 rdacarrier 
500 |a Articles in this book originally published in the October 1972 issue of the Family coordinator. 
504 |a Includes bibliographical references. 
650 0 |a Families  |z United States. 
650 2 |a Family  |z United States. 
650 2 |a Family Characteristics  |z United States. 
650 2 |a Marriage  |z United States. 
710 2 |a National Council on Family Relations. 
730 0 |a Family coordinator. 
999 |a MARS 
999 f f |s f54c1db0-f43e-33fa-ad4d-7aefdb93c029  |i 8791134e-4a75-3732-bbdd-7fdd1ccf3978  |t 0 
952 f f |p normal  |a Texas A&M University  |b College Station  |c Sterling C. Evans Library  |d Evans: Library Stacks  |t 0  |e HQ728 .S865 1972  |h Library of Congress classification  |i unmediated -- volume  |m A14807583527 
998 f f |a HQ728 .S865 1972  |t 0  |l Evans: Library Stacks